000 00233nam a22000857a 4500
008 160816b xxu||||| |||| 00| 0 eng d
100 _9144
_aChugh R.K
245 _aDigitech-IX foundation of IT
260 _aNew Delhi
_bG.Ram publication
_c2013
999 _c2799
_d2799